000 00789nam a2200253Ia 4500
003 OSt
005 20220207160202.0
008 210716s1998 xx 000 0 und d
020 _a0256199795
040 _cAIMIT LIBRARY
041 _aeng
082 _a657.48
_21
_bLIBR
100 _aLibby, Robert.
_917331
245 _aFinancial accounting /
_cBy Robert Libby, Patricia A. Libby and Daniel, G.Short.
250 _a1st ed.
260 _aUSA :
_bTimes Mirror Higher Education Group ,
_c1996.
300 _axxxi, 752p. ;
_c28.2 cm.
650 _aFinancial Accounting
_917332
650 _aCorporation Accounting
_917333
650 _aFinancial Statements
_917334
700 _aLibby, Patricia A.
_917335
700 _aShort, G. Daniel.
_917336
942 _2ddc
_cBK
_e1st
_k657.48 LIBR
999 _c200666
_d200666